00550cam a22001812 4500001001100000005001700011008004100028020001700069040001500086100003100101245011100132250001300243260003100256300001600287650003400303700002800337852000300365000002149020151217152232.0120613s xx 000 0 eng d a0199569830 : aKABUcKABU1 aDownes, David.@000017877010aUnderstanding deviance :ba guide to the sociology of crime and rule-making /cDavid Downes and Paul Rock. a6th ed. aOxford :bO. U. P.,c2011. axii, 409 p. 0aDeviant behavior.@00001776221 aRock, Paul.@00001787711